Es gibt mindestens 100... - Sudden Death - Statistiken

Allgemein
  • Dieses Quiz wurde 680 mal gespielt
    634 seit der letzten Aktualisierung
  • Das Durchschnittsergebnis liegt bei 3 aus 21
Answers on the Grid
Answers color-coded by a green-red scale on the quiz's grid according to % correct below.
...Elemente im Periodensystem
...Knochen im menschlichen Körper
...Primzahlen zwischen 1 und 1000
...Länder, die den Staat Palästina anerkennen
...Gebäude, die höher sind als die Große Pyramide von Gizeh
...Länder, die mindestens eine Goldmedaille bei den Olympischen Spielen gewonnen haben
...Berge über 7000 Meter Höhe
...Rennfahrer, die mindestens einen Formel-1-Grand-Prix gewonnen haben
...Länder oberhalb des Äquators
...Länder, die den Buchstaben A enthalten
...Mitglieder des Senats der Vereinigten Staaten
...Länder, die größer sind als die Niederlande
...Departements in Frankreich
...Republiken in der Welt
...Päpste in der Geschichte der Kirche.
...Länder, die an mindestens ein anderes Land grenzen.
...Einwohner pro Quadratkilometer in China.
...Teiler der Zahl 1000000000.
...Städte mit mindestens einer Million Einwohnern weltweit.
...Pokémon der ersten Generation.
...Kirchen in Rom
...Länder mit mindestens 10 Millionen Einwohnern
...Zoll bei einer Länge von 2 Metern
...Flaggen von Ländern, in denen die Farbe Grün vorkommt
...Monate in 7 Jahren
...Nationalmannschaften, die sich mindestens einmal für die Fußballweltmeisterschaft qualifiziert haben
...Inseln mit mehr Einwohnern als Malta
...Hauptstädte nördlicher als Mexiko-Stadt
...Diagonalen in einem Zwölfeck
...Länder in Afrika
...Fußballer, die in einem WM-Finale ein Tor geschossen haben
...Episoden in der Serie „Breaking Bad”
...Wassermole in einem Liter
...natürliche Satelliten um Jupiter
...Monarchien in der Welt
...Buchstaben im Khmer-Alphabet
...Verbündete im Zweiten Weltkrieg
...Neutronen in einem Goldatom
...Schaltjahre in 400 Jahren
...Grad Celsius in 100 Grad Fahrenheit
...chinesische Tierkreiszeichen
...Länder, die an den Pazifischen Ozean grenzen
 
Antwortstatistiken
Antwort % Korrekt
...Knochen im menschlichen Körper
34%
...Länder, die an mindestens ein anderes Land grenzen.
32%
...Elemente im Periodensystem
31%
...Städte mit mindestens einer Million Einwohnern weltweit.
24%
...Länder, die den Buchstaben A enthalten
21%
...Länder oberhalb des Äquators
21%
...Pokémon der ersten Generation.
18%
...Einwohner pro Quadratkilometer in China.
17%
...Gebäude, die höher sind als die Große Pyramide von Gizeh
16%
...Päpste in der Geschichte der Kirche.
16%
...Länder, die größer sind als die Niederlande
14%
...Teiler der Zahl 1000000000.
14%
...Kirchen in Rom
13%
...Länder, die mindestens eine Goldmedaille bei den Olympischen Spielen gewonnen haben
12%
...Republiken in der Welt
12%
...Mitglieder des Senats der Vereinigten Staaten
11%
...Rennfahrer, die mindestens einen Formel-1-Grand-Prix gewonnen haben
10%
...Primzahlen zwischen 1 und 1000
8%
...Berge über 7000 Meter Höhe
6%
...Länder, die den Staat Palästina anerkennen
6%
...Departements in Frankreich
5%
Keine übereinstimmenden Quizze gefunden
Verteilung der Resultate
Anzahl Personen mit jedem Resultat
Perzentil nach korrekt beantworteten Fragen
Ihre Resultats-Entwicklung
Sie haben dieses Quiz seit der letzten Aktualisierung nicht gespielt